| 000 | 00908nam a2200229 a 4500 | ||
|---|---|---|---|
| 001 | 63603 | ||
| 003 | BD-RjUL | ||
| 005 | 20211209081220.0 | ||
| 008 | 170131s1961 ii a 000 0 ben d | ||
| 035 | _a(BD-RjUL)63732 | ||
| 040 |
_aDLC _cDLC _beng |
||
| 041 | _aben | ||
| 082 | 0 | 0 |
_a891.44109 _223 _bSEB 1961 |
| 100 |
_aসেন, ক্ষিতিমোহন _9117310 |
||
| 245 | 1 | 0 |
_aবলাকা-কাব্য-পরিক্রমা / _cক্ষিতিমোহন সেন |
| 250 | _a৪র্থ সং. | ||
| 260 |
_aকলিকাতা : _bএ. মুখার্জী অ্যান্ড কোং প্রা: লি:, _c১৯৬১ |
||
| 300 |
_a২১৮ পৃ. ; _c২২ সেমি. |
||
| 650 | 0 |
_aবাংলা কবিতা _910028 _xইতিহাস ও সমালোচনা |
|
| 650 | 0 |
_aBengali Poetry _910029 _xHistory & Criticism |
|
| 942 |
_2ddc _cBK _01 |
||
| 999 |
_c63603 _d63603 |
||